BIBLIOTECA

SENCICO

Desarrollo de proyecto de mobiliario para área de dormitorio principal / (Registro nro. 4963)

Detalles MARC
000 -LEADER
fixed length control field 01110nam a22002657a 4500
003 - CONTROL NUMBER IDENTIFIER
control field PE SENCICO BE
005 - DATE AND TIME OF LATEST TRANSACTION
control field 20251020182706.0
008 - FIXED-LENGTH DATA ELEMENTS--GENERAL INFORMATION
fixed length control field 240226b |||||||| |||| 00| 0 eng d
040 ## - CATALOGING SOURCE
Original cataloging agency PE SENCICO BE
Transcribing agency PE SENCICO BE
041 ## - LANGUAGE CODE
Language code of text/sound track or separate title spa
084 ## - OTHER CLASSIFICATION NUMBER
Classification number I
-- DIS
-- 2014
Item number L26
100 1# - MAIN ENTRY--PERSONAL NAME
9 (RLIN) 1983
Personal name Larios Ortega, Susana Janet
Relator term autor
245 1# - TITLE STATEMENT
Title Desarrollo de proyecto de mobiliario para área de dormitorio principal /
Statement of responsibility, etc. Susana Janet Larios Ortega
260 ## - PUBLICATION, DISTRIBUTION, ETC.
Place of publication, distribution, etc. Lima :
Date of publication, distribution, etc. 2014
300 1# - PHYSICAL DESCRIPTION
Extent 15. [30] h. :
Other physical details il. col., plans. ;
Dimensions 30 x 40 cm.
500 ## - GENERAL NOTE
General note El presente texto contiene planos.
502 ## - DISSERTATION NOTE
Dissertation note Monografía de Titulación.-- Servicio Nacional de Capacitación para la Industria de la Construcción. Escuela Superior Técnica. Carrera Profesional Técnica en Diseño de Interiores, 2014<br/><br/>
650 10 - SUBJECT ADDED ENTRY--TOPICAL TERM
9 (RLIN) 44
Topical term or geographic name entry element Diseño de interiores
650 20 - SUBJECT ADDED ENTRY--TOPICAL TERM
9 (RLIN) 1628
Topical term or geographic name entry element Viviendas unifamiliares
650 20 - SUBJECT ADDED ENTRY--TOPICAL TERM
9 (RLIN) 1048
Topical term or geographic name entry element Dormitorios
650 20 - SUBJECT ADDED ENTRY--TOPICAL TERM
9 (RLIN) 615
Topical term or geographic name entry element Planos
710 1# - ADDED ENTRY--CORPORATE NAME
Corporate name or jurisdiction name as entry element Servicio Nacional de Capacitación para la Industria de la Construcción.
Subordinate unit Escuela Superior Técnica
9 (RLIN) 1065
910 ## - USER-OPTION DATA (OCLC)
-- hfp
-- hfp
942 ## - ADDED ENTRY ELEMENTS (KOHA)
Koha item type Monografía de Titulación
Existencias
Fecha de la última vez que lo usaron Número de ingreso o de inventario Pago total Signatura topográfica completa Código de barras Precio efectivo desde Tipo de documento Estado perdido Estado dañado No es para préstamo Retirado Ubicación permanente Ubicación actual Fecha de adquisición
26/02/2024 I-00487   I/DIS/2014/L26 BibLima24020501 26/02/2024 Monografía de Titulación         Biblioteca Central Lima Biblioteca Central Lima 26/02/2024